000
00334nam a2200145Ia 4500
008
210210b1934 xxu||||| |||| 00| 0 eng d
041
_a
eng
082
_a
590/96
100
_a
FOX (H Munro)
245
_a
Biology
260
_a
Cambridge
_b
At the University Press
_c
1934
650
_a
Biology
690
_a
Zoology
906
_a
010668
999
_c
138439
_d
138439